| 000 | 01168cam a22003377a 4500 | ||
|---|---|---|---|
| 005 | 20260322212002.0 | ||
| 008 | data | ||
| 010 | _a 2006530817 | ||
| 020 | _a0757304958 | ||
| 020 | _a9780757304958 | ||
| 040 |
_aLKR _cLKR _dDLC _dOCO _dSPP _dDLC |
||
| 042 | _alccopycat | ||
| 050 | 0 | 0 |
_aRA785 _b.C36 2005 |
| 082 | 0 | 0 |
_a155.9/042 _222 |
| 092 | _a155.9 C36 2005 | ||
| 100 | 1 |
_aCanfield, Jack, _d1944- |
|
| 245 | 1 | 0 |
_aStress / _cJack Canfield, Mark Victor Hansen & Leslie Godwin. |
| 246 | 3 | 0 |
_aChicken soup for the soul healthy living : _bstress |
| 260 |
_aDeerfield Beach, FL : _bHealth Communications, Inc., _cc2005. |
||
| 300 |
_ax, 132 p. ; _c18 cm. |
||
| 440 | 0 | _aChicken soup for the soul healthy living series | |
| 504 | _aIncludes bibliographical references (p. 127). | ||
| 650 | 0 | _aStress (Psychology) | |
| 650 | 0 | _aStress management. | |
| 650 | 0 | _aAnxiety. | |
| 700 | 1 | _aHansen, Mark Victor. | |
| 700 | 1 | _aGodwin, Leslie. | |
| 856 | 4 | 2 |
_3Publisher description _uhttp://www.loc.gov/catdir/enhancements/fy0666/2006530817-d.html |
| 856 | 4 | 2 |
_3Contributor biographical information _uhttp://www.loc.gov/catdir/enhancements/fy0735/2006530817-b.html |
| 001 | data | ||
| 999 |
_c9 _d9 |
||